[Event "9th Edmonton International Reserves"]
[Site "Edmonton"]
[Date "2014.06.28"]
[Round "1"]
[White "Koperski, Dustin"]
[Black "Willis, Bradley"]
[Result "0-1"]
[WhiteElo "1559"]
[BlackElo "2042"]
[PlyCount "46"]
[EventDate "2014.06.28"]
[EventType "swiss"]
[EventRounds "5"]
[EventCountry "CAN"]

1. e4 e5 2. Nf3 Nc6 3. Bc4 Nf6 4. Ng5 d5 5. exd5 Na5 6. Bb5+ c6 7. dxc6 bxc6 8.
Qf3 Rb8 9. Bd3 h6 10. Ne4 Nd5 11. O-O Be7 12. Nbc3 O-O 13. b3 f5 14. Ng3 Nxc3
15. dxc3 e4 16. Nxe4 fxe4 17. Qxe4 Bf5 18. Bc4+ Kh7 19. Qe2 Bf6 20. Rd1 Qe8 21.
Bd2 Nxc4 22. Qxc4 Qg6 23. Qxc6 Be4 0-1

[Event "9th Edmonton International Reserves"]
[Site "Edmonton"]
[Date "2014.06.28"]
[Round "1"]
[White "Mah, Sean Kenneth"]
[Black "Briones, Dante"]
[Result "0-1"]
[WhiteElo "1461"]
[BlackElo "1968"]
[PlyCount "54"]
[EventDate "2014.06.28"]
[EventType "swiss"]
[EventRounds "5"]
[EventCountry "CAN"]

1. d4 d5 2. e3 Nf6 3. Bd3 e6 4. f4 c5 5. c3 Bd6 6. Nd2 Nbd7 7. Ngf3 b6 8. Ne5
Bb7 9. Qf3 g6 10. O-O h5 11. b3 Qc7 12. Bb2 a5 13. Qe2 Rg8 14. Rac1 g5 15. h3
gxf4 16. exf4 c4 17. Bb1 Ke7 18. Rf2 Rg7 19. Kh1 Rag8 20. Rg1 Rh8 21. bxc4 dxc4
22. Ne4 b5 23. Nxd6 Qxd6 24. f5 Ng4 25. Nxg4 hxg4 26. Rgf1 Rxh3+ 27. Kg1 Qh2#
0-1

[Event "9th Edmonton International Reserves"]
[Site "Edmonton"]
[Date "2014.06.28"]
[Round "1"]
[White "Majaducon, Willy"]
[Black "Rekhson, Vladislav"]
[Result "0-1"]
[WhiteElo "1882"]
[BlackElo "2272"]
[PlyCount "84"]
[EventDate "2014.06.28"]
[EventType "swiss"]
[EventRounds "5"]
[EventCountry "CAN"]

1. d4 Nf6 2. Nf3 e6 3. e3 c5 4. Bd3 Nc6 5. a3 b6 6. b3 Bb7 7. Bb2 Be7 8. O-O
Rc8 9. c4 O-O 10. Nbd2 d5 11. Rc1 h6 12. Ne5 cxd4 13. Nxc6 Bxc6 14. exd4 Bb7
15. Nf3 Rc7 16. Ne5 Qa8 17. f3 Rd8 18. g4 dxc4 19. bxc4 Nd7 20. f4 Nxe5 21.
fxe5 Bg5 22. Rc2 Be3+ 23. Rff2 Bf3 24. Qf1 Bxg4 25. d5 exd5 26. e6 d4 27. h3
Bxe6 28. Kh2 Qb8 29. Kh1 Bxf2 30. Rxf2 Rc5 31. Qg2 Rg5 32. Qe4 Qa8 33. Qxa8
Rxa8 34. Kh2 Rc8 35. Rf4 Bxc4 36. Bf5 Bd5 37. h4 Rg2+ 38. Kh3 Rc4 39. Bxd4 Rd2
40. Be5 Rxf4 41. Bxf4 Ra2 42. Bd6 Be6 0-1

[Event "9th Edmonton International Reserves"]
[Site "Edmonton"]
[Date "2014.06.28"]
[Round "1"]
[White "Miller, David"]
[Black "Yao, David"]
[Result "1-0"]
[WhiteElo "2219"]
[BlackElo "1575"]
[PlyCount "91"]
[EventDate "2014.06.28"]
[EventType "swiss"]
[EventRounds "5"]
[EventCountry "CAN"]

1. e4 c5 2. Nf3 d6 3. d4 cxd4 4. Nxd4 a6 5. Nc3 g6 6. Be3 Bg7 7. Qd2 Bd7 8. Bc4
Nc6 9. Nd5 e6 10. Nxc6 Bxc6 11. Bb6 Qh4 12. Nc7+ Kd7 13. Nxa8 Qxe4+ 14. Be2 Ne7
15. Bc5 Nf5 16. Nb6+ Kc7 17. f3 Qe5 18. Bf2 Bb5 19. c4 Qxb2 20. Qxb2 Bxb2 21.
Rb1 Bc3+ 22. Kd1 Bc6 23. Kc2 Nd4+ 24. Kxc3 Nxe2+ 25. Kd2 Nf4 26. g3 Nh3 27. Ke2
g5 28. Rhc1 Nxf2 29. Kxf2 h5 30. Nd5+ exd5 31. cxd5 f5 32. Rb4 Rc8 33. h4 g4
34. Rf4 Rf8 35. Rfc4 Kd7 36. dxc6+ bxc6 37. Rxc6 f4 38. Rc7+ Ke6 39. Re1+ Kd5
40. fxg4 hxg4 41. h5 Rh8 42. Rh1 f3 43. h6 Re8 44. h7 Re2+ 45. Kf1 Rd2 46. Rc1
1-0

[Event "9th Edmonton International Reserves"]
[Site "Edmonton"]
[Date "2014.06.28"]
[Round "1"]
[White "Sequillion, Aaron"]
[Black "Grossmann, Lenard"]
[Result "1-0"]
[WhiteElo "2216"]
[BlackElo "1800"]
[PlyCount "55"]
[EventDate "2014.06.28"]
[EventType "swiss"]
[EventRounds "5"]
[EventCountry "CAN"]

1. e4 c5 2. Nf3 d6 3. d4 cxd4 4. Nxd4 Nf6 5. Nc3 a6 6. h3 e5 7. Nde2 Be7 8. g4
h6 9. Bg2 b5 10. O-O Bb7 11. Be3 Nbd7 12. Ng3 g6 13. Qd2 h5 14. g5 Nh7 15. h4
Nhf8 16. f4 Qc7 17. f5 Nb6 18. fxg6 Nxg6 19. Qf2 Nc4 20. Qxf7+ Kd8 21. Nf5 Nxe3
22. Nxe3 Nxh4 23. Qg7 Re8 24. Bh3 b4 25. Ncd5 Bxd5 26. Nxd5 Qxc2 27. Rf8 Bxf8
28. Qd7# 1-0

[Event "9th Edmonton International Reserves"]
[Site "Edmonton"]
[Date "2014.06.28"]
[Round "2"]
[White "Briones, Dante"]
[Black "Miller, David"]
[Result "1/2-1/2"]
[WhiteElo "1968"]
[BlackElo "2219"]
[PlyCount "116"]
[EventDate "2014.06.28"]
[EventType "swiss"]
[EventRounds "5"]
[EventCountry "CAN"]

1. e4 e5 2. d4 exd4 3. c3 dxc3 4. Bc4 cxb2 5. Bxb2 d5 6. Bxd5 Nf6 7. Bxf7+ Kxf7
8. Qxd8 Bb4+ 9. Qd2 Bxd2+ 10. Nxd2 Re8 11. f3 Nc6 12. Ne2 Nb4 13. O-O Be6 14.
a3 Red8 15. Rfd1 Nc2 16. Rac1 Ne3 17. Rxc7+ Kg8 18. Bxf6 gxf6 19. Re1 Rxd2 20.
Nf4 Nc2 21. Rb1 Nd4 22. Rbxb7 Ne2+ 23. Nxe2 Rxe2 24. Rg7+ Kf8 25. Rxh7 a6 26.
Rhg7 Rb8 27. h4 Re1+ 28. Kf2 Rb1 29. Ra7 R8b2+ 30. Kg3 Rg1 31. Kh2 Rgb1 32. h5
Rb5 33. g4 R1b2+ 34. Kg3 Rg5 35. Rgc7 Rb8 36. Rxa6 Re8 37. Kf4 Rg7 38. Rxg7
Kxg7 39. g5 fxg5+ 40. Kxg5 Re7 41. f4 Bc4 42. Rg6+ Kh7 43. e5 Bd3 44. Kf6 Re8
45. Kf7 Bb5 46. e6 Ra8 47. f5 Rxa3 48. Rg7+ Kh8 49. Rg8+ Kh7 50. Rc8 Be2 51. f6
Bxh5+ 52. Kf8 Ra6 53. Ke7 Ra7+ 54. Kd6 Ra6+ 55. Rc6 Rxc6+ 56. Kxc6 Kg6 57. f7
Kg7 58. Kd6 Bxf7 1/2-1/2

[Event "9th Edmonton International Reserves"]
[Site "Edmonton"]
[Date "2014.06.28"]
[Round "2"]
[White "Grossmann, Lenard"]
[Black "Mah, Sean Kenneth"]
[Result "1-0"]
[WhiteElo "1800"]
[BlackElo "1461"]
[PlyCount "105"]
[EventDate "2014.06.28"]
[EventType "swiss"]
[EventRounds "5"]
[EventCountry "CAN"]

1. e4 e5 2. Nf3 Nc6 3. d4 exd4 4. Nxd4 Bc5 5. Be3 Bb6 6. Nc3 Nf6 7. Nxc6 bxc6
8. Bxb6 cxb6 9. e5 Qe7 10. Qe2 Nd5 11. Nxd5 cxd5 12. O-O-O Bb7 13. Rd4 Rc8 14.
f4 Qc5 15. Qd2 O-O 16. g3 f6 17. exf6 Rxf6 18. Bg2 Kh8 19. Rd1 Rfc6 20. c3 Re6
21. Bxd5 Bxd5 22. Rxd5 Qc4 23. Rxd7 Re2 24. Rd8+ Rxd8 25. Qxd8+ Qg8 26. Qxg8+
Kxg8 27. Rd2 Re1+ 28. Kc2 Kf7 29. Kb3 Ke6 30. Kb4 a6 31. c4 Re4 32. Kc3 g6 33.
Kd3 Re1 34. Re2+ Rxe2 35. Kxe2 Kd6 36. Kd3 Kc5 37. Kc3 a5 38. g4 h6 39. h4 Kd6
40. Kd4 Ke6 41. Ke4 Kd6 42. g5 hxg5 43. hxg5 Ke6 44. Kd4 Kd6 45. b3 Ke6 46. a3
Kf5 47. Ke3 Ke6 48. Ke4 Kd6 49. f5 gxf5+ 50. Kxf5 Ke7 51. g6 Kf8 52. Kf6 Kg8
53. g7 1-0

[Event "9th Edmonton International Reserves"]
[Site "Edmonton"]
[Date "2014.06.28"]
[Round "2"]
[White "Hughey, Micah"]
[Black "Caughlin, Wade"]
[Result "1-0"]
[WhiteElo "2211"]
[BlackElo "1910"]
[PlyCount "61"]
[EventDate "2014.06.28"]
[EventType "swiss"]
[EventRounds "5"]
[EventCountry "CAN"]

1. e4 c5 2. Nf3 d6 3. c3 Nc6 4. d4 cxd4 5. cxd4 e6 6. Nc3 Nf6 7. Be2 Be7 8. d5
exd5 9. exd5 Nb8 10. O-O Nbd7 11. Bf4 a6 12. Rc1 O-O 13. a4 b6 14. Nd4 Bb7 15.
Nc6 Bxc6 16. dxc6 Ne5 17. Nd5 Nxd5 18. Qxd5 Qc7 19. b4 Ng6 20. Bg3 b5 21. axb5
axb5 22. Bxb5 Rfb8 23. Rfd1 Ne5 24. Bc4 Qxc6 25. Bxe5 Qxd5 26. Bxd5 dxe5 27.
Bxa8 Rxa8 28. b5 g6 29. b6 Rb8 30. Rd7 Bd8 31. b7 1-0

[Event "9th Edmonton International Reserves"]
[Site "Edmonton"]
[Date "2014.06.28"]
[Round "2"]
[White "Willis, Bradley"]
[Black "Sequillion, Aaron"]
[Result "0-1"]
[WhiteElo "2042"]
[BlackElo "2216"]
[PlyCount "80"]
[EventDate "2014.06.28"]
[EventType "swiss"]
[EventRounds "5"]
[EventCountry "CAN"]

1. e4 c5 2. Nc3 a6 3. g3 b5 4. Bg2 Bb7 5. d3 e6 6. a4 b4 7. Nce2 d5 8. e5 Qc7
9. f4 Nd7 10. Nf3 Ne7 11. O-O h5 12. c3 a5 13. h3 Nf5 14. g4 hxg4 15. hxg4 Nh4
16. Nxh4 Rxh4 17. Ng3 O-O-O 18. d4 Kb8 19. Bd2 Qb6 20. Be1 Rh8 21. cxb4 axb4
22. b3 Ba6 23. Rf3 cxd4 24. Bf2 Bc5 25. Bf1 Bxf1 26. Kxf1 g5 27. Nh5 gxf4 28.
Rxf4 Nxe5 29. Bxd4 Bxd4 30. Qxd4 Qxd4 31. Rxd4 Nc6 32. Rf4 f5 33. Ng3 Rh4 34.
Rc1 Kb7 35. Re1 Rd6 36. Nxf5 exf5 37. Rxf5 Rxg4 38. Rd1 Rd4 39. Rf7+ Kb6 40.
Rc1 Rd3 0-1

[Event "9th Edmonton International Reserves"]
[Site "Edmonton"]
[Date "2014.06.28"]
[Round "3"]
[White "Briones, Dante"]
[Black "Taranik, Alexey"]
[Result "1/2-1/2"]
[WhiteElo "1968"]
[BlackElo "1650"]
[PlyCount "93"]
[EventDate "2014.06.28"]
[EventType "swiss"]
[EventRounds "5"]
[EventCountry "CAN"]

1. Nf3 d5 2. d4 Nf6 3. Nc3 Bf5 4. Bf4 a6 5. e3 e6 6. a3 c5 7. Ne5 Nc6 8. Be2
cxd4 9. Nxc6 bxc6 10. Qxd4 Bd6 11. Rc1 Bxf4 12. Qxf4 O-O 13. O-O Ne4 14. Nxe4
Bxe4 15. Rfd1 Qb8 16. Qxb8 Raxb8 17. f3 Bg6 18. b3 Rb6 19. Rd4 Ra8 20. Ra4 f6
21. Ra5 Kf8 22. b4 Ke7 23. c4 Kd7 24. c5 Rbb8 25. Bxa6 e5 26. Rd1 Kc7 27. Rd2
Ra7 28. Be2 Rxa5 29. bxa5 Rb3 30. Kf2 Rxa3 31. a6 Bf5 32. e4 dxe4 33. fxe4 Bc8
34. Rd6 Bxa6 35. Bg4 Bc8 36. Bxc8 Kxc8 37. Rxc6+ Kd7 38. Rd6+ Kc7 39. Re6 Kd7
40. Rd6+ Kc7 41. g4 Rc3 42. Rd5 Kc6 43. Rd6+ Kxc5 44. Rd7 Rc2+ 45. Kg3 Rc3+ 46.
Kf2 Rc2+ 47. Kg3 1/2-1/2

[Event "9th Edmonton International Reserves"]
[Site "Edmonton"]
[Date "2014.06.28"]
[Round "3"]
[White "Miller, David"]
[Black "Wang, Kaixin"]
[Result "1-0"]
[WhiteElo "2219"]
[BlackElo "1752"]
[PlyCount "57"]
[EventDate "2014.06.28"]
[EventType "swiss"]
[EventRounds "5"]
[EventCountry "CAN"]

1. e4 c5 2. Nf3 g6 3. d4 cxd4 4. Nxd4 Bg7 5. Be3 Nf6 6. Nc3 d6 7. f3 O-O 8. Qd2
Nc6 9. O-O-O Bd7 10. Kb1 a6 11. g4 b5 12. h4 h5 13. Be2 hxg4 14. h5 Nxh5 15.
fxg4 Ng3 16. Nxc6 Bxc6 17. Bh6 Nxh1 18. Rxh1 e5 19. Bd3 Qf6 20. Bg5 Qe6 21. Qh2
f6 22. Qh7+ Kf7 23. Bh6 Rg8 24. g5 Ra7 25. gxf6 Kxf6 26. Nd5+ Bxd5 27. Rf1+ Ke7
28. exd5 Qxd5 29. Bxg7 1-0

[Event "9th Edmonton International Reserves"]
[Site "Edmonton"]
[Date "2014.06.28"]
[Round "3"]
[White "Sequillion, Aaron"]
[Black "Rekhson, Vladislav"]
[Result "1/2-1/2"]
[WhiteElo "2216"]
[BlackElo "2272"]
[PlyCount "71"]
[EventDate "2014.06.28"]
[EventType "swiss"]
[EventRounds "5"]
[EventCountry "CAN"]

1. e4 e5 2. Nf3 Nc6 3. Bb5 a6 4. Ba4 Nf6 5. O-O Be7 6. Re1 b5 7. Bb3 d6 8. a4
b4 9. a5 O-O 10. h3 Rb8 11. Bc4 Nd7 12. c3 Bf6 13. d4 bxc3 14. bxc3 Nxa5 15.
Rxa5 Rxb1 16. Bxa6 Bxa6 17. Rxa6 Qb8 18. Qa4 Qb7 19. Ra7 Qb6 20. Nd2 Rb5 21.
Nc4 Qb8 22. Ra8 Qxa8 23. Qxb5 c6 24. Qb4 exd4 25. cxd4 d5 26. exd5 cxd5 27. Ne5
Nb8 28. Bb2 Na6 29. Qa5 Qb7 30. Ba3 Rc8 31. Bc5 Nxc5 32. dxc5 Bxe5 33. Rxe5 h6
34. Qb6 Qxb6 35. cxb6 Rb8 36. Rxd5 1/2-1/2

[Event "9th Edmonton International Reserves"]
[Site "Edmonton"]
[Date "2014.06.28"]
[Round "3"]
[White "Smith, Kevin"]
[Black "Willis, Bradley"]
[Result "0-1"]
[WhiteElo "1753"]
[BlackElo "2042"]
[PlyCount "50"]
[EventDate "2014.06.28"]
[EventType "swiss"]
[EventRounds "5"]
[EventCountry "CAN"]

1. e4 e5 2. Nf3 Nc6 3. Bb5 a6 4. Ba4 Nf6 5. O-O Be7 6. Re1 b5 7. Bb3 O-O 8. d3
d6 9. h3 Na5 10. c3 Nxb3 11. axb3 h6 12. Nbd2 Re8 13. Nf1 Bf8 14. Ng3 d5 15.
exd5 Qxd5 16. c4 bxc4 17. bxc4 Qd6 18. b3 Bb7 19. Bb2 e4 20. dxe4 Nxe4 21. Nf5
Qf4 22. N5d4 Rad8 23. Qc2 c5 24. Ne2 Qf5 25. g4 Qxf3 0-1

[Event "9th Edmonton International Reserves"]
[Site "Edmonton"]
[Date "2014.06.29"]
[Round "4"]
[White "Grossmann, Lenard"]
[Black "Kadavil, Suresh"]
[Result "1/2-1/2"]
[WhiteElo "1800"]
[BlackElo "1672"]
[PlyCount "132"]
[EventDate "2014.06.28"]
[EventType "swiss"]
[EventRounds "5"]
[EventCountry "CAN"]

1. e4 d6 2. d4 Nf6 3. Bd3 c6 4. Nf3 Nbd7 5. O-O e5 6. c3 Be7 7. Nbd2 O-O 8. a4
Qc7 9. Re1 h6 10. Qc2 Nh5 11. Nc4 g5 12. h3 f6 13. Ne3 Ng7 14. g4 Kh7 15. b3
Rh8 16. Kg2 Nf8 17. Rh1 Nfe6 18. Nf5 Nf4+ 19. Bxf4 gxf4 20. N3h4 Nxf5 21. gxf5
Bd7 22. Rag1 Rag8+ 23. Kf1 Rxg1+ 24. Rxg1 Rg8 25. Qd1 Bf8 26. Rxg8 Kxg8 27.
Qg4+ Bg7 28. Bc4+ Kf8 29. Ng6+ Ke8 30. Nxe5 Bxf5 31. Qxf5 fxe5 32. Qe6+ Qe7 33.
Qc8+ Qd8 34. Qxb7 Qd7 35. Qxd7+ Kxd7 36. d5 c5 37. Ke2 a5 38. Bb5+ Kc7 39. Kd3
Bf6 40. Ke2 Bh4 41. Kf3 Kd8 42. Be2 Kc7 43. c4 Kd7 44. Kg4 Be7 45. h4 Kc7 46.
h5 Kd7 47. Kf5 Bg5 48. Bg4 Ke7 49. Kg6 Ke8 50. f3 Ke7 51. Bh3 Ke8 52. Bc8 Ke7
53. Kg7 Ke8 54. Bb7 Kd8 55. Kf7 Be7 56. Ke6 Bf8 57. Bc6 Be7 58. Kf7 Bg5 59. Be8
Be7 60. Bb5 Bg5 61. Ke6 Be7 62. Kf5 Bg5 63. Kg6 Ke7 64. Kg7 Kd8 65. Kf7 Be7 66.
Ke6 Bf8 1/2-1/2

[Event "9th Edmonton International Reserves"]
[Site "Edmonton"]
[Date "2014.06.29"]
[Round "4"]
[White "Rekhson, Vladislav"]
[Black "Miller, David"]
[Result "1/2-1/2"]
[WhiteElo "2272"]
[BlackElo "2219"]
[PlyCount "84"]
[EventDate "2014.06.28"]
[EventType "swiss"]
[EventRounds "5"]
[EventCountry "CAN"]

1. e4 c5 2. Nf3 d6 3. d4 cxd4 4. Qxd4 Nc6 5. Bb5 Bd7 6. Bxc6 Bxc6 7. Nc3 Nf6 8.
Bg5 e6 9. O-O-O Be7 10. Qd3 Qa5 11. h4 h6 12. Bxf6 Bxf6 13. Nd4 O-O-O 14. f4
Qc5 15. Rh3 Qxd4 16. Qxd4 Bxd4 17. Rxd4 Rhg8 18. b4 e5 19. Rc4 Kb8 20. Rf3 f5
21. fxe5 fxe4 22. Rf5 d5 23. Rd4 b6 24. Kd2 Rgf8 25. Rxf8 Rxf8 26. Ke3 Re8 27.
Nxd5 Rxe5 28. Nc3 Kc7 29. Nxe4 g5 30. hxg5 Bxe4 31. Rxe4 Rxg5 32. Kf3 a5 33. a3
axb4 34. axb4 h5 35. g3 b5 36. c4 bxc4 37. Rxc4+ Kd6 38. Rc5 Rxc5 39. bxc5+
Kxc5 40. Kg2 Kd5 41. Kh3 Ke4 42. Kh4 Kf3 1/2-1/2

[Event "9th Edmonton International Reserves"]
[Site "Edmonton"]
[Date "2014.06.29"]
[Round "4"]
[White "Willis, Bradley"]
[Black "Briones, Dante"]
[Result "0-1"]
[WhiteElo "2042"]
[BlackElo "1968"]
[PlyCount "54"]
[EventDate "2014.06.28"]
[EventType "swiss"]
[EventRounds "5"]
[EventCountry "CAN"]

1. e4 c5 2. d4 cxd4 3. c3 d3 4. Bxd3 d6 5. c4 Nf6 6. Nc3 g6 7. Be3 Bg7 8. h3
Nc6 9. f4 Be6 10. Rc1 Qa5 11. b3 Nxe4 12. Bxe4 Bxc3+ 13. Kf1 Bg7 14. Nf3 Qxa2
15. g4 Qa5 16. Ng5 O-O 17. Bd2 Qb6 18. f5 Bd7 19. Bc3 Qe3 20. Bd2 Qd4 21. Qe2
Qb6 22. h4 Nd4 23. Qd3 Nxb3 24. Rb1 Nxd2+ 25. Qxd2 Qc7 26. Rxb7 Qxc4+ 27. Bd3
Qd5 0-1

[Event "9th Edmonton International Reserves"]
[Site "Edmonton"]
[Date "2014.06.29"]
[Round "4"]
[White "Young, Joseph"]
[Black "Sequillion, Aaron"]
[Result "0-1"]
[WhiteElo "1825"]
[BlackElo "2216"]
[PlyCount "82"]
[EventDate "2014.06.28"]
[EventType "swiss"]
[EventRounds "5"]
[EventCountry "CAN"]

1. e4 c5 2. Nf3 d6 3. Bb5+ Bd7 4. Bxd7+ Qxd7 5. d3 Nc6 6. O-O g6 7. Bg5 Bg7 8.
c3 h6 9. Bf4 e5 10. Be3 f5 11. exf5 gxf5 12. Re1 Nge7 13. Qb3 O-O-O 14. a4 f4
15. Bd2 Bf6 16. d4 Rhg8 17. Kh1 Qg4 18. Rg1 e4 19. h3 Qf5 20. Nh2 f3 21. g4 Qd7
22. dxc5 d5 23. Na3 h5 24. Bf4 Be5 25. Bxe5 Nxe5 26. Nb5 hxg4 27. Nd6+ Kb8 28.
c4 Nd3 29. Qc2 Nxc5 30. Nf7 Rdf8 31. cxd5 Rxf7 32. Qxc5 Rh7 33. Rg3 Rgh8 34.
Qd4 Nf5 35. Qe5+ Ka8 36. Rxg4 Rxh3 37. Rxe4 a6 38. Rg4 Qh7 39. Kg1 Rxh2 40. Kf1
Rh1+ 41. Rg1 Rxg1+ 0-1

[Event "9th Edmonton International Reserves"]
[Site "Edmonton"]
[Date "2014.06.29"]
[Round "5"]
[White "Briones, Dante"]
[Black "Rekhson, Vladislav"]
[Result "0-1"]
[WhiteElo "1968"]
[BlackElo "2272"]
[PlyCount "64"]
[EventDate "2014.06.28"]
[EventType "swiss"]
[EventRounds "5"]
[EventCountry "CAN"]

1. e4 c5 2. Nf3 a6 3. c4 Nc6 4. d4 cxd4 5. Nxd4 Nf6 6. Nc3 e5 7. Nc2 Bc5 8. Be2
d6 9. Bg5 Be6 10. O-O Rc8 11. Kh1 h6 12. Bxf6 Qxf6 13. Rc1 O-O 14. b3 Rfd8 15.
Bg4 Rc7 16. Nd5 Bxd5 17. cxd5 Nd4 18. Ne3 b5 19. Qd3 Ra7 20. Bh3 Ba3 21. Rc6
Bc5 22. f3 Nxc6 23. dxc6 Bxe3 24. Qxe3 Qe7 25. Rc1 d5 26. exd5 Rxd5 27. g3 Rc7
28. Bf5 Qg5 29. Qxg5 hxg5 30. Rc2 g6 31. Be4 Rd1+ 32. Kg2 f5 0-1

[Event "9th Edmonton International Reserves"]
[Site "Edmonton"]
[Date "2014.06.29"]
[Round "5"]
[White "Hughey, Leah"]
[Black "Grossmann, Lenard"]
[Result "1-0"]
[WhiteElo "1510"]
[BlackElo "1800"]
[PlyCount "75"]
[EventDate "2014.06.28"]
[EventType "swiss"]
[EventRounds "5"]
[EventCountry "CAN"]

1. c4 e5 2. Nc3 Nf6 3. g3 Bb4 4. Bg2 O-O 5. Nd5 Nxd5 6. cxd5 c6 7. a3 Be7 8. b4
a5 9. Bb2 f6 10. Qb3 Kh8 11. Nh3 Qb6 12. O-O axb4 13. Rfc1 Ra6 14. a4 c5 15.
Rc4 d6 16. Rac1 Bd7 17. Rh4 f5 18. Rcc4 Bxh4 19. Rxh4 Qd8 20. f4 e4 21. Ng5 h6
22. Rxh6+ Kg8 23. Rg6 Rf7 24. Ne6 Bxe6 25. dxe6 Re7 26. Rxg7+ Kf8 27. Bf6 Nc6
28. Qb2 Rxg7 29. Bxd8 Nd4 30. e7+ Ke8 31. e3 Ne2+ 32. Kf2 Nc3 33. dxc3 bxc3 34.
Qxc3 Rg8 35. Qb3 Rg7 36. Qxb7 Rxa4 37. Qb5+ Kf7 38. e8=Q# 1-0

[Event "9th Edmonton International Reserves"]
[Site "Edmonton"]
[Date "2014.06.29"]
[Round "5"]
[White "Sequillion, Aaron"]
[Black "Miller, David"]
[Result "1/2-1/2"]
[WhiteElo "2216"]
[BlackElo "2219"]
[PlyCount "59"]
[EventDate "2014.06.28"]
[EventType "swiss"]
[EventRounds "5"]
[EventCountry "CAN"]

1. d4 Nf6 2. c4 d6 3. Nf3 g6 4. Nc3 Bg7 5. e4 O-O 6. Be2 e5 7. O-O Nc6 8. d5
Ne7 9. b4 Ne8 10. Ba3 f5 11. Ng5 h6 12. Ne6 Bxe6 13. dxe6 fxe4 14. Qc2 Nf6 15.
Nxe4 Nf5 16. Ng3 Nd4 17. Qxg6 Qe8 18. Qxe8 Nxe2+ 19. Nxe2 Raxe8 20. f4 Ng4 21.
f5 Ne3 22. Ng3 Nxf1 23. Rxf1 e4 24. Bc1 Bd4+ 25. Kh1 Kh7 26. Rf4 Be5 27. Rh4
Bxg3 28. Rxh6+ Kg7 29. Rg6+ Kh7 30. Rh6+ 1/2-1/2